UBT Library

Gazetaria Online (Record no. 54881)

000 -LEADER
fixed length control field 00290nam a22001337a 4500
008 - FIXED-LENGTH DATA ELEMENTS--GENERAL INFORMATION
fixed length control field 190507b ||||| |||| 00| 0 eng d
020 ## - INTERNATIONAL STANDARD BOOK NUMBER
International Standard Book Number 9789951697903
041 ## - LANGUAGE CODE
Language code of text/sound track or separate title eng
080 ## - UNIVERSAL DECIMAL CLASSIFICATION NUMBER
Edition identifier 070
Universal Decimal Classification number 070
100 ## - Rafti
Rafti PR
101 ## - Shkurtesa
Shkurtesa MED
245 ## - TITLE STATEMENT
Title Gazetaria Online
Statement of responsibility, etc Ahmeti, L
942 ## - ADDED ENTRY ELEMENTS (KOHA)
Source of classification or shelving scheme
Item type Books
Holdings
Withdrawn status Lost status Source of classification or shelving scheme Damaged status Not for loan Collection code Permanent location Current location Shelving location Date acquired Total Checkouts Full call number Barcode Date last seen Price effective from Koha item type
          Koleksioni i përgjithshem UBT - Prishtine UBT - Prishtine Koleksioni i përgjithshem 05/07/2019   070 AHM 002-3023250 05/07/2019 05/07/2019 Books
          Koleksioni i përgjithshem UBT - Prishtine UBT - Prishtine Koleksioni i përgjithshem 05/07/2019   070 AHM 002-3023245 05/07/2019 05/07/2019 Books
UBT Library © 2015-2024. All rights reserved University Education for Business and Technology